|
|
|
|
| LEADER |
00694nab a2200181 i 4500 |
| 001 |
misc42957 |
| 005 |
20191106141343.0 |
| 008 |
180730s1991 hu o 0|| zxx d |
| 022 |
|
|
|a 1215-5233
|
| 040 |
|
|
|a SZTE Miscellanea Repozitórium
|b hun
|
| 041 |
|
|
|a zxx
|
| 100 |
1 |
|
|a Szebenyi Péter
|
| 245 |
1 |
2 |
|a A NAT készítése közben
|h [elektronikus dokumentum] /
|c Szebenyi Péter
|
| 260 |
|
|
|c 1991
|
| 300 |
|
|
|a 102-105
|
| 490 |
0 |
|
|a Iskolakultúra
|v 1 No. 1-2
|
| 695 |
|
|
|a Tanterv - Magyarország, Nemzeti Alaptanterv, Oktatáspolitika - Magyarország - 20. sz., Pedagógia - Magyarország - 20. sz.
|
| 856 |
4 |
0 |
|u http://misc.bibl.u-szeged.hu/42957/1/iskolakultura_1991_001_002_102-105.pdf
|z Dokumentum-elérés
|